| 000 | 017410000a22003490004500 | ||
|---|---|---|---|
| 003 | EG-GICUC | ||
| 005 | 20250223024959.0 | ||
| 008 | 070801s2007 ua a f m 000 0 eng d | ||
| 040 |
_aEG-GICUC _beng _cEG-GICUC |
||
| 041 | 0 | _aEng | |
| 049 | _aDeposite | ||
| 097 | _aM.Sc | ||
| 099 | _aCai01.09.03.M.Sc.2007.Ra.C | ||
| 100 | 0 | _aRasha Mohamed Haridy Gaber | |
| 245 | 1 | 0 |
_aCaries inhibitory effect of chlorhexidine and flouride mouth rinses in high caries risk individuals / _cRasha Mohamed Haridy Gaber ; Supervised Mohsen Hussein Abielhassan , Dalia Moustafa Aboulmagd , Somaia Abdellatif Eissa |
| 246 | 1 | 5 | _aتاثير غسول الفم بالكلورهكسيدين والفلورين المثبط للتسوس علي الاشخاص ذوي معدلات التسوس العالية |
| 260 |
_aCairo : _bRasha Mohamed Haridy Gaber , _c2007 |
||
| 300 |
_a106Leaves : _bill. ; _c30cm |
||
| 502 | _aThesis (M.Sc.) - Cairo University - Faculty Of Oral and Dental Medicine - Department Of Operative Dentistry | ||
| 520 | _aThis study was carried out to qualify and quantify SM and LB counts after using chlorhexidine and fluoride containing mouth rinses with mechanical tooth brushing with fluoride - free dentifrices.at base line , after 3 months and after 6 months it was found that , chlorhexidine and fluoride months | ||
| 530 | _aIssued Also as CD | ||
| 653 | 4 | _aCaries risk | |
| 653 | 4 | _aChlorhexidine | |
| 653 | 4 | _aFluoride | |
| 700 | 0 |
_aDalia Moustafa Aboulmagd , _eSupervisor |
|
| 700 | 0 |
_aMohsen Hussein Abielhassan , _eSupervisor |
|
| 700 | 0 |
_aSomaia Abdellatif Eissa , _eSupervisor |
|
| 856 | _uhttp://172.23.153.220/th.pdf | ||
| 905 |
_aAzza _eCataloger |
||
| 905 |
_aMustafa _eRevisor |
||
| 942 |
_2ddc _cTH |
||
| 999 |
_c3106 _d3106 |
||